[Event "European Rapid 2017"]
[Site "Katowice POL"]
[Date "2017.12.17"]
[Round "9.82"]
[White "Obrusnik, Michal"]
[Black "Przybylski, Wojciech"]
[Result "1-0"]
[WhiteTitle "FM"]
[BlackTitle "FM"]
[WhiteElo "2268"]
[BlackElo "2320"]
[WhiteFideId "1136674"]
[BlackFideId "1117599"]
[EventDate "2017.12.16"]

1. e4 e5 2. Nf3 Nc6 3. Bc4 Nf6 4. d3 Be7 5. O-O O-O 6. Re1 d6 7. a4 Bg4 8. c3
Na5 9. Ba2 c5 10. h3 Bh5 11. Nbd2 Nc6 12. Nf1 Bg6 13. Ng3 Nh5 14. Nxe5 Nxe5 15.
Nxh5 Bxh5 16. Qxh5 Nxd3 17. Rd1 Nxc1 18. Raxc1 Qb6 19. Qe2 Qa5 20. Qc2 Rab8 21.
Bc4 a6 22. Rd3 b5 23. axb5 axb5 24. Bd5 b4 25. cxb4 Rxb4 26. Ra3 Qb6 27. b3 Bf6
28. Qd3 Bb2 29. Ra6 Bxc1 30. Rxb6 Rxb6 31. h4 Bf4 32. h5 Rb4 33. Qf3 Be5 34. Qf5
Rd4 35. Kf1 Rd2 36. f4 Bd4 37. h6 g6 38. Qd7 Rf2+ 39. Ke1 Rxf4 40. Qxd6 Rh4 41.
e5 Rxh6 42. b4 Rh5 43. e6 Re5+ 44. Kd1 Kg7 45. bxc5 fxe6 46. Bxe6 Rf1+ 47. Kd2
Rf2+ 48. Kd3 Bb2 49. Qe7+ Kh8 50. Qd8+ Kg7 51. Qh4 Rf6 52. Bc4 Rxc5 53. Qe4 Rc7
54. Kc2 Ba3 55. Kb3 Be7 56. Qe5 Bd6 57. Qd4 Rb7+ 58. Kc2 Re7 59. g4 h6 60. Qd5
Re8 61. Qb7+ Kh8 62. Qd7 Ref8 63. g5 Rf2+ 64. Kd1 Be5 65. Qe6 Bg7 66. gxh6 Bxh6
67. Qxg6 R2f6 68. Qe4 Rd6+ 69. Ke2 Rdf6 70. Qe5 Bg7 71. Qh5+ Rh6 72. Qd5 Rh2+
73. Ke3 Rh3+ 74. Ke4 Rh4+ 75. Ke3 Rc8 76. Bd3 Rf8 77. Kd2 Rh2+ 78. Kd1 Bc3 79.
Kc1 Rg8 80. Qc5 Rg1+ 81. Qxg1 Be5 82. Qg6 Bf4+ 83. Kb1 Rh1+ 84. Ka2 Rh6 85. Qe8+
Kg7 86. Qe7+ Kg8 87. Bc4+ 1-0

[Event "European Rapid 2017"]
[Site "Katowice POL"]
[Date "2017.12.17"]
[Round "9.83"]
[White "Skliarov, Viktor"]
[Black "Molenda, Marcin"]
[Result "1-0"]
[WhiteTitle "IM"]
[BlackTitle "FM"]
[WhiteElo "2353"]
[BlackElo "2388"]
[WhiteFideId "14106736"]
[BlackFideId "1173065"]
[EventDate "2017.12.16"]

1. e4 e5 2. Nc3 Nc6 3. Bc4 Nf6 4. d3 Bc5 5. a3 a6 6. h3 h6 7. Nge2 b5 8. Ba2 d6
9. Ng3 Ne7 10. Be3 Ba7 11. d4 O-O 12. O-O Ng6 13. Nce2 Re8 14. d5 Bd7 15. Qd2
Qc8 16. Kh2 Nh4 17. Bxa7 Rxa7 18. Qe3 Rb7 19. b4 c6 20. c4 Rc7 21. c5 cxd5 22.
exd5 dxc5 23. d6 Rc6 24. bxc5 Rxc5 25. Rac1 Qa8 26. f3 Rxc1 27. Rxc1 Ng6 28. Rc7
a5 29. Qd3 Nf8 30. Nc3 b4 31. Nd5 Nxd5 32. Bxd5 Qd8 33. Ne4 bxa3 34. Qxa3 Be6
35. Bc6 Bd7 36. Qb3 a4 37. Bxa4 Be6 38. Qb7 Qh4 39. Bxe8 Qf4+ 40. g3 Qe3 41. Qb2
Qxf3 42. Qg2 Qe3 43. d7 Qd3 44. Nc5 Qd6 45. Nxe6 Nxe6 46. Bxf7+ 1-0

[Event "European Rapid 2017"]
[Site "Katowice POL"]
[Date "2017.12.17"]
[Round "9.84"]
[White "Lavendelis, Egons"]
[Black "Zaleski, Lukasz"]
[Result "1-0"]
[WhiteTitle "FM"]
[WhiteElo "2278"]
[BlackElo "2229"]
[WhiteFideId "11601647"]
[BlackFideId "1172611"]
[EventDate "2017.12.16"]

1. e4 e6 2. f4 d5 3. e5 c5 4. Nf3 Nc6 5. c3 Nh6 6. Na3 Nf5 7. Nc2 h5 8. Bd3 Be7
9. Bxf5 exf5 10. d4 b6 11. Be3 Be6 12. O-O Qd7 13. Kh1 g6 14. Qe2 O-O 15. Rad1
c4 16. b3 b5 17. Bd2 Rab8 18. Ne3 Rfc8 19. Be1 a5 20. Bh4 cxb3 21. axb3 a4 22.
b4 Bxh4 23. Nxh4 Ne7 24. Qd3 Rc7 25. Ra1 Nc8 26. Nf3 Nb6 27. Ne1 Rbc8 28. Nd1 a3
29. Rxa3 Nc4 30. Ra2 Ra7 31. Rff2 Rca8 32. Qb1 Ra3 33. Rxa3 Rxa3 34. Ra2 Qa7 35.
Rxa3 Qxa3 36. Nc2 Qa4 37. Qc1 Qa2 38. h3 Kg7 39. Kh2 Kf8 40. Nce3 Nd2 41. Qb2
Qxb2 42. Nxb2 Ne4 43. Ned1 Ke7 44. Nd3 Bd7 45. Kg1 Kd8 46. Kf1 Kc7 47. Ke2 Kc6
48. Nc5 Be6 49. Kd3 Kc7 50. Ne3 Nf2+ 51. Kc2 Kc6 52. Nf1 Kc7 53. Nd2 Nh1 54. Nf3
Kd8 55. Ng5 Ke7 56. Nb7 Ng3 57. Kd3 Ne4 58. Nc5 Nxg5 59. fxg5 Kd8 60. Ke3 Kc7
61. Kf4 Kc8 62. Nd3 Kd7 63. Nf2 Kc7 64. Nd1 Kd7 65. Ne3 Kc6 66. Kg3 Kd7 67. Nc2
Kc7 68. Ne1 Kd7 69. Nd3 Kc7 70. Kh4 Kd7 71. Nf4 Ke7 72. Nd3 Kd7 73. Nc5+ Kc6 74.
Nd3 Kd7 75. Nf4 Ke7 76. g3 Ke8 77. Nxh5 gxh5 78. Kxh5 Kf8 79. Kh6 f4 80. gxf4
Bxh3 81. g6 Bf5 82. g7+ Kg8 83. Kg5 Bc8 84. Kf6 Bd7 85. f5 Bc6 86. Ke7 Kxg7 87.
f6+ Kg6 88. e6 fxe6 89. f7 1-0

[Event "European Rapid 2017"]
[Site "Katowice POL"]
[Date "2017.12.17"]
[Round "9.85"]
[White "Dorokhin, Mykhailo"]
[Black "Ondrus, Martin"]
[Result "1-0"]
[WhiteElo "2243"]
[BlackElo "2261"]
[WhiteFideId "14114178"]
[BlackFideId "14913330"]
[EventDate "2017.12.16"]

1. e4 c5 2. Nc3 d6 3. d3 Nc6 4. Be3 g6 5. h4 Nf6 6. Be2 h5 7. Nd5 Nxd5 8. exd5
Ne5 9. d4 Nd7 10. dxc5 dxc5 11. c3 Bg7 12. Nf3 Qc7 13. Qd2 Nf6 14. Bb5+ Bd7 15.
Bxd7+ Nxd7 16. Bf4 Qb6 17. O-O-O O-O-O 18. Rhe1 Rde8 19. Ng5 Rhf8 20. Bg3 Bh6
21. Bf4 Qf6 22. g3 Qf5 23. Re2 Bxg5 24. hxg5 f6 25. Rde1 fxg5 26. Bxg5 Rf7 27.
Bxe7 c4 28. Re4 Nb6 29. Rf4 Rexe7 30. Rxe7 Rxe7 31. Rxf5 gxf5 32. Qd4 Kd7 33. a4
Re4 34. Qf6 Re7 35. Qxf5+ Kd6 36. Qf6+ Kd7 37. Qd4 Kd6 38. a5 Nxd5 39. Qxa7 Re2
40. Qxb7 Rxf2 41. a6 1-0

[Event "European Rapid 2017"]
[Site "Katowice POL"]
[Date "2017.12.17"]
[Round "9.86"]
[White "Koscielski, Janusz"]
[Black "Slipchuk, Evgeniy"]
[Result "1/2-1/2"]
[WhiteTitle "FM"]
[WhiteElo "2339"]
[BlackElo "2013"]
[WhiteFideId "4614437"]
[BlackFideId "14140730"]
[EventDate "2017.12.16"]

1. e4 c5 2. Nf3 Nc6 3. Bb5 g6 4. Bxc6 dxc6 5. O-O Bg7 6. d3 Nf6 7. h3 O-O 8. Nc3
b6 9. Bf4 Bd7 10. Qd2 Qc8 11. Nh2 Nh5 12. Bh6 e5 13. Bxg7 Kxg7 14. Ne2 Qc7 15.
f4 exf4 16. Nxf4 Nxf4 17. Qxf4 Qxf4 18. Rxf4 Be6 19. b3 a5 20. a4 b5 21. Nf3 f6
22. Nd2 f5 23. exf5 Rxf5 24. Rxf5 gxf5 25. Kf2 Kf6 26. g3 Bd5 27. c4 bxc4 28.
bxc4 Bf7 29. Rb1 Rd8 30. Ke3 Re8+ 31. Kf2 Rd8 32. Rb3 Bh5 33. g4 fxg4 34. Ne4+
Ke5 35. hxg4 Bxg4 36. Nxc5 Kd4 37. Nb7 Rf8+ 38. Kg3 Bd1 39. Rb1 1/2-1/2

[Event "European Rapid 2017"]
[Site "Katowice POL"]
[Date "2017.12.17"]
[Round "9.87"]
[White "Kyc, Jerzy"]
[Black "Jaskolka, Tomasz"]
[Result "1-0"]
[WhiteElo "2265"]
[BlackElo "2011"]
[WhiteFideId "1163922"]
[BlackFideId "1170791"]
[EventDate "2017.12.16"]

1. e4 e5 2. Nf3 Nc6 3. Bb5 g6 4. O-O Bg7 5. c3 Nge7 6. d4 exd4 7. cxd4 d5 8.
exd5 Nxd5 9. Re1+ Be6 10. Bg5 Qd6 11. Nbd2 O-O 12. Qa4 Nb6 13. Qc2 Nxd4 14. Nxd4
Qxd4 15. Be7 Rfc8 16. Ba3 Bf5 17. Ne4 Rd8 18. Kh1 c6 19. Bf1 Re8 20. f3 Rad8 21.
Rad1 Bxe4 22. fxe4 Qe5 23. b3 h5 24. Bd3 Nd5 25. Qf2 Nc3 26. Rd2 Bh6 27. Rf1
Bxd2 28. Qxf7+ Kh8 29. Rf6 Rxd3 30. Qxg6 Bc1 31. g3 Qxe4+ 32. Qxe4 Nxe4 1-0

[Event "European Rapid 2017"]
[Site "Katowice POL"]
[Date "2017.12.17"]
[Round "9.88"]
[White "Stojcevski, Zoran"]
[Black "Olsen, Filip Boe"]
[Result "1/2-1/2"]
[WhiteTitle "FM"]
[BlackTitle "FM"]
[WhiteElo "2337"]
[BlackElo "2294"]
[WhiteFideId "15000192"]
[BlackFideId "1440640"]
[EventDate "2017.12.16"]

1. e4 c6 2. d4 d5 3. Nc3 dxe4 4. Nxe4 Nd7 5. Nf3 Ngf6 6. Ng3 e6 7. Be3 c5 8.
dxc5 Bxc5 9. Bxc5 Nxc5 10. Qxd8+ Kxd8 11. O-O-O+ Ke7 12. Be2 b6 13. Ne5 Bb7 14.
Bf3 Bxf3 15. Nxf3 Nfe4 16. Nxe4 Nxe4 17. Rhf1 Rhd8 18. Nd4 Rac8 19. f3 Nf6 20.
Rfe1 Nd5 21. g3 g5 22. a3 Kf6 23. Rd3 h5 24. Red1 a6 25. Ne2 Rh8 26. b3 b5 27.
f4 gxf4 28. Nxf4 Nxf4 29. Rf1 e5 30. gxf4 e4 31. Rd6+ Kf5 32. Rd5+ Kg4 33. Rg5+
Kh4 34. Re5 Rhe8 35. Re1 f5 36. Rxf5 Kg4 37. Rg5+ Kf3 38. Rf1+ Ke2 39. Rgg1 e3
40. f5 Red8 41. Rf4 Rd2 42. Rg2+ Ke1 43. Rg1+ Ke2 1/2-1/2

[Event "European Rapid 2017"]
[Site "Katowice POL"]
[Date "2017.12.17"]
[Round "9.89"]
[White "Jaroch, Karol"]
[Black "Michalski, Filip"]
[Result "1/2-1/2"]
[WhiteElo "2252"]
[BlackElo "2089"]
[WhiteFideId "1130609"]
[BlackFideId "1151371"]
[EventDate "2017.12.16"]

1. c4 Nf6 2. g3 e6 3. Bg2 d5 4. Nf3 Be7 5. O-O O-O 6. d4 c6 7. Qc2 b6 8. b3 Bb7
9. Nc3 Na6 10. Rd1 Rc8 11. e4 Nb4 12. Qe2 c5 13. dxc5 Rxc5 14. a3 Na6 15. Be3
Rc8 16. exd5 exd5 17. Nxd5 Nxd5 18. cxd5 Nc5 19. Bxc5 Rxc5 20. Nd4 Bf6 21. b4
Rxd5 22. Nf5 Rxd1+ 23. Rxd1 Qa8 24. Bxb7 Qxb7 25. h4 Qc8 26. Nd6 Qc3 27. Rd3
Qc1+ 28. Kh2 h6 29. Ne4 Qa1 30. Rf3 Be5 31. Rd3 Re8 32. Qf3 Qa2 33. Rd7 a5 34.
bxa5 bxa5 35. Rd5 a4 36. Nc5 Qc4 37. Nd3 Bb8 38. Nc5 Qxh4+ 39. Kg2 Qc4 40. Qd3
Qxd3 41. Rxd3 Ba7 42. Nxa4 Re2 43. Rf3 1/2-1/2

[Event "European Rapid 2017"]
[Site "Katowice POL"]
[Date "2017.12.17"]
[Round "9.90"]
[White "Dudzinski, Pawel"]
[Black "Kiolbasa, Oliwia"]
[Result "1/2-1/2"]
[WhiteTitle "FM"]
[BlackTitle "WIM"]
[WhiteElo "2241"]
[BlackElo "2170"]
[WhiteFideId "1117890"]
[BlackFideId "1154613"]
[EventDate "2017.12.16"]

1. e4 e5 2. Nc3 Nf6 3. g3 Nc6 4. Bg2 Bc5 5. Nge2 O-O 6. O-O a6 7. Nd5 d6 8. h3
h6 9. Kh2 Re8 10. Nxf6+ Qxf6 11. f4 Qd8 12. c3 Ba7 13. d4 Ne7 14. Qb3 exd4 15.
cxd4 c5 16. Be3 b5 17. dxc5 dxc5 18. Rad1 Qc7 19. e5 Rb8 20. Qc2 Bf5 21. Be4
Bxe4 22. Qxe4 Qb7 23. Nc3 Rec8 24. Qxb7 Rxb7 25. g4 c4 26. Bxa7 Rxa7 27. Ne4
Rac7 28. Rd6 Nc6 29. g5 hxg5 30. Nxg5 Nb4 31. Ne4 Rc6 32. Rd7 R6c7 33. Rd6 Rc6
34. Rd7 R6c7 1/2-1/2

[Event "European Rapid 2017"]
[Site "Katowice POL"]
[Date "2017.12.17"]
[Round "9.91"]
[White "Janik, Igor"]
[Black "Malyovanyi, Yulian"]
[Result "1-0"]
[WhiteTitle "FM"]
[WhiteElo "2413"]
[BlackElo "1923"]
[WhiteFideId "1159259"]
[BlackFideId "14171198"]
[EventDate "2017.12.16"]

1. e4 c5 2. Nf3 e6 3. g3 Nc6 4. Bg2 d5 5. exd5 exd5 6. O-O Nf6 7. d4 Be6 8. Re1
Be7 9. dxc5 Bxc5 10. Be3 Bxe3 11. Rxe3 O-O 12. Nbd2 d4 13. Re1 Qb6 14. Nb3 Rad8
15. Qd2 Rd6 16. Qf4 Rfd8 17. Ng5 h6 18. Nxe6 fxe6 19. Nd2 e5 20. Qf5 Qc5 21. Ne4
Nxe4 22. Bxe4 Rf6 23. Qh7+ Kf7 24. Bd3 b5 25. Re2 a5 26. Rae1 a4 27. h4 Rd7 28.
h5 Rdd6 29. a3 Rde6 30. Re4 Re8 31. Rg4 Rg8 32. Re2 b4 33. Rg6 bxa3 34. bxa3 Ne7
35. Rxf6+ Kxf6 36. f4 Qc6 37. fxe5+ Ke6 38. Bf5+ Kf7 39. Rf2 Ke8 40. Bd3 Rf8 41.
Qxg7 Rxf2 42. Kxf2 Qe6 43. Bb5+ Kd8 44. Qf8+ Kc7 45. Qf6 Qh3 46. Qd6+ Kb7 47.
Qxe7+ Kb6 48. Bf1 Qf5+ 49. Kg1 Qxh5 50. Qd6+ Ka7 51. Qc7+ 1-0

[Event "European Rapid 2017"]
[Site "Katowice POL"]
[Date "2017.12.17"]
[Round "9.92"]
[White "Cieslar, Michal"]
[Black "Bielczyk, Jacek"]
[Result "1/2-1/2"]
[BlackTitle "IM"]
[WhiteElo "2032"]
[BlackElo "2279"]
[WhiteFideId "1141066"]
[BlackFideId "1100530"]
[EventDate "2017.12.16"]

1. e4 c5 2. c4 Nc6 3. Nc3 g6 4. g3 Bg7 5. Bg2 e6 6. f4 Nge7 7. d3 O-O 8. Nf3 d5
9. O-O Nd4 10. Kh1 dxc4 11. dxc4 Bd7 12. Be3 Be8 13. Qd2 Nxf3 14. Qxd8 Rxd8 15.
Bxc5 Nd2 16. Bxe7 Nxf1 17. Bxd8 Bc6 18. Be7 Re8 19. Rxf1 Bxc3 20. bxc3 1/2-1/2

[Event "European Rapid 2017"]
[Site "Katowice POL"]
[Date "2017.12.17"]
[Round "9.93"]
[White "Walter, Szymon"]
[Black "Janaszak, Dawid"]
[Result "1/2-1/2"]
[BlackTitle "FM"]
[WhiteElo "2246"]
[BlackElo "2372"]
[WhiteFideId "1172590"]
[BlackFideId "1119206"]
[EventDate "2017.12.16"]

1. e4 c5 2. Nc3 g6 3. f4 Bg7 4. Nf3 Nc6 5. Bb5 d6 6. O-O Nf6 7. d3 O-O 8. Bxc6
bxc6 9. Qe1 c4 10. d4 d5 11. e5 Ng4 12. f5 c5 13. h3 cxd4 14. hxg4 dxc3 15. bxc3
gxf5 16. Qh4 fxg4 17. Nd4 Qb6 18. Bg5 f6 19. exf6 Rxf6 20. Rxf6 Bxf6 21. Re1 Bd7
22. Qh5 Rf8 23. Bxf6 Qxf6 24. Qxd5+ Rf7 25. Re4 Qf2+ 26. Kh1 Qh4+ 27. Kg1 Qf2+
28. Kh1 g3 29. Ne2 Bh3 30. Re5 Qf1+ 31. Ng1 Bxg2+ 32. Qxg2 Qxg2+ 33. Kxg2 Rf2+
34. Kxg3 Rxc2 35. Rxe7 Rxc3+ 36. Nf3 Ra3 37. Rc7 Rxa2 1/2-1/2

[Event "European Rapid 2017"]
[Site "Katowice POL"]
[Date "2017.12.17"]
[Round "9.94"]
[White "Godzwon, Iwo"]
[Black "Bartel, Michal"]
[Result "1-0"]
[BlackTitle "FM"]
[WhiteElo "2240"]
[BlackElo "2360"]
[WhiteFideId "21802483"]
[BlackFideId "1119257"]
[EventDate "2017.12.16"]

1. e4 e5 2. Nf3 Nc6 3. Bb5 a6 4. Ba4 Nf6 5. O-O Be7 6. Re1 b5 7. Bb3 d6 8. h3
O-O 9. c3 Na5 10. Bc2 c5 11. d4 Qc7 12. d5 Nc4 13. Nbd2 Nb6 14. Nf1 Bd7 15. Kh2
a5 16. g4 b4 17. Ng3 g6 18. Rg1 Kh8 19. Bh6 Rfb8 20. Ng5 Be8 21. Nf5 Qd8 22. Nf3
bxc3 23. bxc3 Nc4 24. Qc1 Rb2 25. Ne3 Nxe3 26. Qxb2 Nc4 27. Qc1 a4 28. Bd3 Nb6
29. Be3 a3 30. Rb1 Ra4 31. Nd2 Nfd7 32. Bb5 Ra5 33. c4 Bg5 34. Nb3 Bxe3 35. Qxe3
Ra8 36. Nd2 Nf6 37. Bxe8 Nxe8 38. Rb3 Ra4 39. Qc3 Nf6 40. Rgb1 Nfd7 41. Rxa3 Qh4
42. Kg2 Rxa3 43. Qxa3 h5 44. Qf3 Qg5 45. Qe3 Qd8 46. gxh5 gxh5 47. Qh6+ Kg8 48.
Kh1 Nf8 49. Qxh5 Ng6 50. Qf3 Nd7 51. Qf5 Ndf8 52. Nf3 Qa8 53. Ng5 Qa7 54. Rg1
Qe7 55. a4 Kg7 56. a5 Qa7 57. a6 Qe7 58. Qxf7+ Qxf7 59. Nxf7 Kxf7 60. a7 Nh7 61.
a8=Q Nf6 62. Qb7+ Ne7 63. Ra1 Nxe4 64. Ra7 Nxf2+ 65. Kg2 Nd3 66. Qxe7+ Kg6 67.
Qh7+ Kg5 68. Qxd3 e4 69. Qg3+ Kf5 70. Rf7# 1-0

[Event "European Rapid 2017"]
[Site "Katowice POL"]
[Date "2017.12.17"]
[Round "9.95"]
[White "Tymrakiewicz, Rafal"]
[Black "Grzesik, Gracjan"]
[Result "1-0"]
[WhiteTitle "FM"]
[WhiteElo "2272"]
[BlackElo "1797"]
[WhiteFideId "1108832"]
[BlackFideId "1194593"]
[EventDate "2017.12.16"]

1. d4 d5 2. Bf4 Bf5 3. c4 e6 4. Nc3 c6 5. e3 Bd6 6. Bxd6 Qxd6 7. Qb3 Qd7 8. Nf3
f6 9. Rc1 Ne7 10. Be2 O-O 11. O-O dxc4 12. Bxc4 b5 13. Be2 Nd5 14. Rfd1 h6 15.
a4 a6 16. Ra1 Qb7 17. Nh4 Bh7 18. Bg4 f5 19. Be2 Nd7 20. Nf3 Kh8 21. g3 g5 22.
Rac1 f4 23. e4 Nxc3 24. Qxc3 b4 25. Qc4 fxg3 26. hxg3 Bxe4 27. Qxe6 Nf6 28. Ne5
Rae8 29. Qh3 Kg7 30. f3 Bh7 31. Rd2 Rc8 32. Kg2 Nd5 33. Ng4 Rf6 34. Nxf6 Nxf6
35. d5 g4 36. Qh4 cxd5 37. Rh1 Ng8 38. Qxg4+ Kh8 39. Qd4+ Qg7 40. Qxb4 Nf6 41.
Qd4 Rg8 42. g4 h5 43. Kf1 hxg4 44. Bd3 Rc8 45. Rdh2 Rc1+ 46. Ke2 gxf3+ 47. Kxf3
Rxh1 48. Rxh1 Kg8 49. Bxh7+ Kf8 50. Bf5 Qg5 51. Qc5+ Kf7 52. Qa7+ Kg8 53. Be6+
Kf8 54. Qf7# 1-0

[Event "European Rapid 2017"]
[Site "Katowice POL"]
[Date "2017.12.17"]
[Round "9.96"]
[White "Szyszylo, Rafal"]
[Black "Wlodarczyk, Oskar"]
[Result "0-1"]
[BlackTitle "FM"]
[WhiteElo "2236"]
[BlackElo "2280"]
[WhiteFideId "1109626"]
[BlackFideId "1112090"]
[EventDate "2017.12.16"]

1. e4 e5 2. Nf3 Nf6 3. Nxe5 d6 4. Nf3 Nxe4 5. Qe2 Qe7 6. d3 Nf6 7. Bg5 Qxe2+ 8.
Bxe2 Be7 9. Nc3 c6 10. h3 Na6 11. O-O-O h6 12. Bf4 Be6 13. Nd4 Kd7 14. Nxe6 fxe6
15. d4 Nc7 16. g4 Rhf8 17. Bg3 Ncd5 18. Nxd5 Nxd5 19. c4 Nf4 20. Bxf4 Rxf4 21.
f3 Bf6 22. d5 exd5 23. cxd5 Re8 24. Rh2 Re3 25. Kd2 Re5 26. dxc6+ bxc6 27. Rf2
Ra5 28. Kc2 Rxa2 29. Rb1 Rb4 30. Rff1 Rbxb2+ 31. Rxb2 Rxb2+ 32. Kd3 a5 33. Rc1
d5 34. Bd1 Bg5 35. Rc2 Rb1 36. Ke2 Kd6 37. Ra2 Bd8 38. h4 c5 39. f4 c4 40. g5 d4
41. Ba4 Rh1 42. Kf3 Rxh4 43. gxh6 Rxh6 44. Ke4 Kc5 45. Rb2 Re6+ 46. Kf5 Rf6+ 47.
Ke4 c3 48. Rb5+ Kc4 49. Re5 Bc7 50. Bb5+ Kb4 51. Rd5 Rxf4+ 52. Kd3 Rf3+ 53. Kc2
Rf2+ 54. Kd3 Rd2+ 55. Ke4 c2 56. Bd3 c1=Q 57. Rb5+ Ka4 58. Rb1 Re2+ 59. Kd5 Re5+ 0-1

[Event "European Rapid 2017"]
[Site "Katowice POL"]
[Date "2017.12.17"]
[Round "9.97"]
[White "Kowalski, Igor"]
[Black "Stauskas, Lukas"]
[Result "1-0"]
[WhiteElo "2328"]
[BlackElo "2349"]
[WhiteFideId "1172468"]
[BlackFideId "12808148"]
[EventDate "2017.12.16"]

1. d4 Nf6 2. c4 e6 3. Nc3 Bb4 4. Qc2 c5 5. dxc5 Bxc5 6. Nf3 Qb6 7. e3 Qc7 8. a3
a6 9. Bd3 Be7 10. O-O b6 11. e4 d6 12. Be3 Nbd7 13. b4 Bb7 14. Rfd1 Rc8 15. Rac1
O-O 16. h3 Qb8 17. Qe2 Qa8 18. Bf4 Rfd8 19. Bh2 Nf8 20. Nd4 Ng6 21. f4 Nd7 22.
f5 Ngf8 23. fxe6 fxe6 24. Bb1 Ne5 25. Ba2 Kh8 26. c5 bxc5 27. Nxe6 Nxe6 28. Bxe6
Rc7 29. Nd5 Bxd5 30. Rxd5 Bg5 31. Rcd1 cxb4 32. Bxe5 dxe5 33. Qxa6 Qb8 34. Rxd8+
Bxd8 35. Qb5 Qa7+ 36. Kh2 1-0

[Event "European Rapid 2017"]
[Site "Katowice POL"]
[Date "2017.12.17"]
[Round "9.98"]
[White "Styazhkina, Anna"]
[Black "Brozyna, Mateusz"]
[Result "1-0"]
[WhiteTitle "WIM"]
[WhiteElo "2283"]
[BlackElo "2108"]
[WhiteFideId "24119300"]
[BlackFideId "21816140"]
[EventDate "2017.12.16"]

1. e4 e5 2. Nf3 Nc6 3. Bb5 a6 4. Ba4 Nf6 5. d3 b5 6. Bb3 Be7 7. a4 Bb7 8. Nc3 b4
9. Ne2 O-O 10. Ng3 d5 11. Qe2 dxe4 12. dxe4 Nd4 13. Nxd4 exd4 14. O-O c5 15. f4
Rc8 16. Bc4 Qb6 17. e5 Nd5 18. f5 f6 19. e6 Qc6 20. Rf2 Kh8 21. Bd2 Ra8 22. a5
Nc7 23. Re1 Ne8 24. Nh5 Nd6 25. Qg4 Rg8 26. Nf4 g5 27. Nd5 Rae8 28. Nxe7 Rxe7
29. Bd3 c4 30. Qxd4 cxd3 31. Qxf6+ Reg7 32. cxd3 Qd5 33. Bxb4 Nb5 34. Bf8 Bc6
35. Bxg7+ Rxg7 36. Qe5 Qxe5 37. Rxe5 Kg8 38. f6 Rc7 39. f7+ Kf8 40. e7+ 1-0

[Event "European Rapid 2017"]
[Site "Katowice POL"]
[Date "2017.12.17"]
[Round "9.99"]
[White "Kucharska, Honorata"]
[Black "Shubin, Kirill"]
[Result "0-1"]
[WhiteTitle "WFM"]
[BlackTitle "FM"]
[WhiteElo "1970"]
[BlackElo "2287"]
[WhiteFideId "1163868"]
[BlackFideId "34119962"]
[EventDate "2017.12.16"]

1. e4 e6 2. Qe2 c5 3. f4 Nc6 4. Nf3 g6 5. g3 Bg7 6. Bg2 Nge7 7. d3 O-O 8. O-O d6
9. c3 b6 10. Nbd2 Bb7 11. g4 Qd7 12. f5 exf5 13. gxf5 gxf5 14. Nh4 fxe4 15. Nxe4
f5 16. Ng5 Rf6 17. Nh3 Raf8 18. Bg5 R6f7 19. Qh5 Ne5 20. Bxe7 Rxe7 21. Rxf5 Bxg2
22. Rxf8+ Bxf8 23. Nxg2 Rg7 24. Rf1 Qg4 25. Qxg4 Rxg4 26. Rf4 Rg6 27. d4 cxd4
28. cxd4 Nd3 29. Rf3 Nxb2 30. Nf4 Rf6 31. Rg3+ Kh8 32. d5 Nc4 33. Rc3 b5 34. Kf2
Bh6 35. Kf3 Kg8 36. Kg3 Rf5 37. a4 Rg5+ 38. Kf2 Bg7 39. Rc2 a6 40. axb5 axb5 41.
Ra2 Bd4+ 42. Kf3 Bc5 43. Ne6 Rxd5 44. Ngf4 Re5 45. Rg2+ Kf7 46. Rg7+ Kf6 47.
Rxh7 Re3+ 48. Kg2 Rxe6 49. Rh6+ Kg5 50. Rxe6 Kxf4 51. h4 Kg4 52. Re4+ Kh5 53.
Kh3 Ne5 54. Rf4 b4 55. Rf5+ Kg6 56. Rg5+ Kh6 57. Rg2 Nd3 58. Rd2 Nf2+ 59. Kg2
Kh5 60. Kf3 Kxh4 61. Rb2 Nd3 62. Rd2 Ne5+ 63. Ke4 Kg3 64. Rb2 Nc4 65. Rc2 Ne5
66. Rb2 Nc4 67. Rc2 Nb6 68. Ra2 Nd7 69. Rb2 Nf6+ 70. Kf5 Nd5 71. Ke4 Nc3+ 72.
Kd3 Kf3 73. Rh2 Ne4 74. Rh3+ Ng3 75. Rh8 Kf4 76. Rf8+ Nf5 77. Rf7 Ke5 78. Rf8
Ne3 79. Re8+ Kd5 80. Rb8 Nc4 81. Rb7 Ne5+ 82. Kc2 Kc4 83. Rb8 Nc6 84. Rh8 b3+
85. Kb1 d5 86. Rh6 Nb4 87. Rh4+ Bd4 88. Rg4 Na2 89. Rh4 Nc3+ 90. Kc1 Nb5 91. Rh3
Kb4 92. Rg3 b2+ 93. Kc2 Na3+ 94. Rxa3 Kxa3 95. Kb1 Bh8 0-1

[Event "European Rapid 2017"]
[Site "Katowice POL"]
[Date "2017.12.17"]
[Round "9.100"]
[White "Brazdzionis, Andrius"]
[Black "Fus, Jakub"]
[Result "0-1"]
[WhiteElo "2293"]
[BlackElo "2051"]
[WhiteFideId "12804479"]
[BlackFideId "1193023"]
[EventDate "2017.12.16"]

1. d4 Nf6 2. Nf3 e6 3. c4 b6 4. a3 Bb7 5. Nc3 Ne4 6. Qc2 Nxc3 7. Qxc3 d6 8. g3
Nd7 9. Bg2 g6 10. O-O Bg7 11. Bg5 Qc8 12. Rad1 h6 13. Bc1 O-O 14. Qc2 Qd8 15. e4
Qe7 16. Rfe1 e5 17. d5 a5 18. b3 Kh7 19. Nd2 Bc8 20. Nf1 Nc5 21. b4 Nb7 22. Ne3
Bd7 23. Qb1 axb4 24. axb4 Ra4 25. Bd2 Rfa8 26. Bf1 h5 27. Bd3 Bh6 28. Nf1 Bxd2
29. Nxd2 h4 30. Qb2 Ra2 31. Qb1 Qf6 32. Bc2 Kg7 33. Bb3 R2a7 34. Qd3 Bg4 35. Rc1
Qg5 36. Qe3 Qh5 37. Bd1 Bxd1 38. Rcxd1 Ra3 39. Qe2 Qh6 40. Nf1 Ra2 41. Qe3 Qh5
42. Rd2 R2a3 43. Rd3 Rxd3 44. Qxd3 hxg3 45. fxg3 Ra2 46. Re3 f6 47. Rf3 Nd8 48.
Qb3 Ra1 49. Qc3 Ra2 50. Qb3 Ra1 51. Qc3 Ra2 52. Qb3 Ra1 53. Qc3 Rd1 54. Qa3 Nf7
55. Rd3 Ng5 56. Rxd1 Qxd1 57. Qe3 Qb1 58. c5 Qxb4 59. cxd6 cxd6 60. h4 Nxe4 61.
Qd3 Qc5+ 62. Kg2 f5 63. Ne3 Qd4 64. Qe2 Qd2 65. Qxd2 Nxd2 66. h5 b5 67. Nc2 gxh5
68. Kf2 Ne4+ 69. Kf3 Nc3 70. Nb4 Kf6 71. Ke3 Kg5 72. Kd3 Ne4 73. Na6 Nc5+ 0-1

[Event "European Rapid 2017"]
[Site "Katowice POL"]
[Date "2017.12.17"]
[Round "10.2"]
[White "Vavulin, Maksim"]
[Black "Goluch, Piotr"]
[Result "1-0"]
[WhiteTitle "IM"]
[BlackTitle "FM"]
[WhiteElo "2575"]
[BlackElo "2308"]
[WhiteFideId "4169530"]
[BlackFideId "1137840"]
[EventDate "2017.12.16"]

1. e4 c6 2. d3 d5 3. Qe2 Nd7 4. f4 dxe4 5. dxe4 e5 6. f5 Ngf6 7. Nc3 Bb4 8. Bd2
Nc5 9. O-O-O Qc7 10. Nf3 b6 11. a3 Bxc3 12. Bxc3 Nfd7 13. Qe1 f6 14. Qh4 Ba6 15.
Bxa6 Nxa6 16. Qh5+ Ke7 17. g4 Nac5 18. Rhe1 g5 19. Nxg5 fxg5 20. Qxg5+ Kf7 21.
Qh5+ Ke7 22. Qh6 Rag8 23. b4 Kd8 24. bxc5 Kc8 25. cxb6 axb6 26. Rd6 Kb7 27. Red1
Nc5 28. Bxe5 Qf7 29. Rxc6 Qc4 30. Rxb6+ Ka7 31. Rb4 1-0